000 00572nam a22001697a 4500
999 _c57510
_d57510
005 20221007122548.0
008 200701s2011 eng||||| |||| 00| 0 enk d
020 _a9781906348618
041 _aeng
080 _a368 D-69
100 _aDoff, Rene
_98922
245 _aRisk Management for Insurers :
_bRisk Control, Economic Capital and Solvency /
_cRene Doff.
264 _aLondon :
_bRisk books,
_c2011.
300 _a321 p.
_b24 cm.
653 _aრისკების მენეჯმენტი დამზღვევებისთვის
942 _2udc
_cBK